<?xml version="1.0" encoding="UTF-8"?>
<marc:record xmlns:marc="http://www.loc.gov/MARC21/slim" type="Bibliographic">
   <marc:leader>00000pam a2200000 c 4500</marc:leader>
   <marc:controlfield tag="001">973111011</marc:controlfield>
   <marc:controlfield tag="003">DE-101</marc:controlfield>
   <marc:controlfield tag="005">20171203172630.0</marc:controlfield>
   <marc:controlfield tag="007">tu</marc:controlfield>
   <marc:controlfield tag="008">041209s2005    gw ||||| |||| 00||||ger  </marc:controlfield>
   <marc:datafield ind1=" " ind2=" " tag="015">
      <marc:subfield code="a">05,A20,0324</marc:subfield>
      <marc:subfield code="z">05,N02,0282</marc:subfield>
      <marc:subfield code="2">dnb</marc:subfield>
   </marc:datafield>
   <marc:datafield ind1="7" ind2=" " tag="016">
      <marc:subfield code="2">DE-101</marc:subfield>
      <marc:subfield code="a">973111011</marc:subfield>
   </marc:datafield>
   <marc:datafield ind1=" " ind2=" " tag="020">
      <marc:subfield code="a">9783629021052</marc:subfield>
      <marc:subfield code="c">kart. : EUR 14.90</marc:subfield>
      <marc:subfield code="9">978-3-629-02105-2</marc:subfield>
   </marc:datafield>
   <marc:datafield ind1=" " ind2=" " tag="020">
      <marc:subfield code="a">3629021050</marc:subfield>
      <marc:subfield code="c">kart. : EUR 14.90</marc:subfield>
      <marc:subfield code="9">3-629-02105-0</marc:subfield>
   </marc:datafield>
   <marc:datafield ind1="3" ind2=" " tag="024">
      <marc:subfield code="a">9783629021052</marc:subfield>
   </marc:datafield>
   <marc:datafield ind1=" " ind2=" " tag="035">
      <marc:subfield code="a">(DE-599)DNB973111011</marc:subfield>
   </marc:datafield>
   <marc:datafield ind1=" " ind2=" " tag="035">
      <marc:subfield code="a">(OCoLC)76609857</marc:subfield>
   </marc:datafield>
   <marc:datafield ind1=" " ind2=" " tag="040">
      <marc:subfield code="a">1245</marc:subfield>
      <marc:subfield code="b">ger</marc:subfield>
      <marc:subfield code="c">DE-101</marc:subfield>
      <marc:subfield code="d">9999</marc:subfield>
   </marc:datafield>
   <marc:datafield ind1=" " ind2=" " tag="041">
      <marc:subfield code="a">ger</marc:subfield>
   </marc:datafield>
   <marc:datafield ind1=" " ind2=" " tag="044">
      <marc:subfield code="c">XA-DE-BY</marc:subfield>
   </marc:datafield>
   <marc:datafield ind1="7" ind2="4" tag="082">
      <marc:subfield code="a">230</marc:subfield>
      <marc:subfield code="q">DE-101</marc:subfield>
      <marc:subfield code="2">22sdnb</marc:subfield>
   </marc:datafield>
   <marc:datafield ind1=" " ind2=" " tag="090">
      <marc:subfield code="a">b</marc:subfield>
   </marc:datafield>
   <marc:datafield ind1="1" ind2=" " tag="100">
      <marc:subfield code="0">(DE-588)122602854</marc:subfield>
      <marc:subfield code="0">https://d-nb.info/gnd/122602854</marc:subfield>
      <marc:subfield code="0">(DE-101)122602854</marc:subfield>
      <marc:subfield code="a">Harder, Bernd</marc:subfield>
      <marc:subfield code="d">1966-</marc:subfield>
      <marc:subfield code="e">Verfasser</marc:subfield>
      <marc:subfield code="4">aut</marc:subfield>
      <marc:subfield code="2">gnd</marc:subfield>
   </marc:datafield>
   <marc:datafield ind1="1" ind2="0" tag="245">
      <marc:subfield code="a">Medjugorje</marc:subfield>
      <marc:subfield code="b">Wallfahrt für Millionen</marc:subfield>
      <marc:subfield code="c">Bernd Harder</marc:subfield>
   </marc:datafield>
   <marc:datafield ind1=" " ind2="1" tag="264">
      <marc:subfield code="a">München</marc:subfield>
      <marc:subfield code="b">Pattloch</marc:subfield>
      <marc:subfield code="c">2005</marc:subfield>
   </marc:datafield>
   <marc:datafield ind1=" " ind2=" " tag="300">
      <marc:subfield code="a">239 S.</marc:subfield>
      <marc:subfield code="b">Ill.</marc:subfield>
      <marc:subfield code="c">22 cm</marc:subfield>
   </marc:datafield>
   <marc:datafield ind1=" " ind2=" " tag="336">
      <marc:subfield code="a">Text</marc:subfield>
      <marc:subfield code="b">txt</marc:subfield>
      <marc:subfield code="2">rdacontent</marc:subfield>
   </marc:datafield>
   <marc:datafield ind1=" " ind2=" " tag="337">
      <marc:subfield code="a">ohne Hilfsmittel zu benutzen</marc:subfield>
      <marc:subfield code="b">n</marc:subfield>
      <marc:subfield code="2">rdamedia</marc:subfield>
   </marc:datafield>
   <marc:datafield ind1=" " ind2=" " tag="338">
      <marc:subfield code="a">Band</marc:subfield>
      <marc:subfield code="b">nc</marc:subfield>
      <marc:subfield code="2">rdacarrier</marc:subfield>
   </marc:datafield>
   <marc:datafield ind1=" " ind2=" " tag="500">
      <marc:subfield code="a">Literaturverz. S. 235 - [240]</marc:subfield>
   </marc:datafield>
   <marc:datafield ind1=" " ind2=" " tag="520">
      <marc:subfield code="a">Sechs junge Menschen aus Medjugorje im Bergland der Herzegowina behaupten, Marienerscheinungen zu haben. Das hat nicht nur eine gigantische Wallfahrtsbewegung ausgelöst, sondern auch Wissenschaftler auf den Plan gerufen, die sich merkwürdigen und unerklärlichen Phänomenen gegenübersehen. Was hat es auf sich mit Medjugorje und den Ereignissen um die Gottesmutter (&gt;Gospa&lt;)? Kann es sein, dass diesen Menschen wirklich Maria erscheint? Das sind die Fragen, denen Bernd Harder auf den Grund geht.</marc:subfield>
   </marc:datafield>
   <marc:datafield ind1=" " ind2="7" tag="650">
      <marc:subfield code="0">(DE-588)4114512-4</marc:subfield>
      <marc:subfield code="0">https://d-nb.info/gnd/4114512-4</marc:subfield>
      <marc:subfield code="0">(DE-101)041145127</marc:subfield>
      <marc:subfield code="a">Marienerscheinung</marc:subfield>
      <marc:subfield code="2">gnd</marc:subfield>
   </marc:datafield>
   <marc:datafield ind1=" " ind2="7" tag="650">
      <marc:subfield code="0">(DE-588)4064460-1</marc:subfield>
      <marc:subfield code="0">https://d-nb.info/gnd/4064460-1</marc:subfield>
      <marc:subfield code="0">(DE-101)04064460X</marc:subfield>
      <marc:subfield code="a">Wallfahrt</marc:subfield>
      <marc:subfield code="2">gnd</marc:subfield>
   </marc:datafield>
   <marc:datafield ind1=" " ind2="7" tag="651">
      <marc:subfield code="0">(DE-588)4038295-3</marc:subfield>
      <marc:subfield code="0">https://d-nb.info/gnd/4038295-3</marc:subfield>
      <marc:subfield code="0">(DE-101)040382958</marc:subfield>
      <marc:subfield code="a">Medjugorje</marc:subfield>
      <marc:subfield code="2">gnd</marc:subfield>
   </marc:datafield>
   <marc:datafield ind1=" " ind2="7" tag="651">
      <marc:subfield code="0">(DE-588)4038295-3</marc:subfield>
      <marc:subfield code="0">https://d-nb.info/gnd/4038295-3</marc:subfield>
      <marc:subfield code="0">(DE-101)040382958</marc:subfield>
      <marc:subfield code="a">Medjugorje</marc:subfield>
      <marc:subfield code="2">gnd</marc:subfield>
   </marc:datafield>
   <marc:datafield ind1=" " ind2=" " tag="653">
      <marc:subfield code="a">(VLB-PF)00: (unbekannt)</marc:subfield>
   </marc:datafield>
   <marc:datafield ind1=" " ind2=" " tag="653">
      <marc:subfield code="a">(VLB-WI)1: Hardcover, Softcover, Karte</marc:subfield>
   </marc:datafield>
   <marc:datafield ind1=" " ind2=" " tag="653">
      <marc:subfield code="a">(VLB-WG)549: Religion, Theologie / Sonstiges</marc:subfield>
   </marc:datafield>
   <marc:datafield ind1="0" ind2="0" tag="689">
      <marc:subfield code="0">(DE-588)4038295-3</marc:subfield>
      <marc:subfield code="0">https://d-nb.info/gnd/4038295-3</marc:subfield>
      <marc:subfield code="0">(DE-101)040382958</marc:subfield>
      <marc:subfield code="D">g</marc:subfield>
      <marc:subfield code="a">Medjugorje</marc:subfield>
   </marc:datafield>
   <marc:datafield ind1="0" ind2="1" tag="689">
      <marc:subfield code="0">(DE-588)4114512-4</marc:subfield>
      <marc:subfield code="0">https://d-nb.info/gnd/4114512-4</marc:subfield>
      <marc:subfield code="0">(DE-101)041145127</marc:subfield>
      <marc:subfield code="D">s</marc:subfield>
      <marc:subfield code="a">Marienerscheinung</marc:subfield>
   </marc:datafield>
   <marc:datafield ind1="0" ind2=" " tag="689">
      <marc:subfield code="5">DE-101</marc:subfield>
      <marc:subfield code="5">DE-101</marc:subfield>
   </marc:datafield>
   <marc:datafield ind1="1" ind2="0" tag="689">
      <marc:subfield code="0">(DE-588)4038295-3</marc:subfield>
      <marc:subfield code="0">https://d-nb.info/gnd/4038295-3</marc:subfield>
      <marc:subfield code="0">(DE-101)040382958</marc:subfield>
      <marc:subfield code="D">g</marc:subfield>
      <marc:subfield code="a">Medjugorje</marc:subfield>
   </marc:datafield>
   <marc:datafield ind1="1" ind2="1" tag="689">
      <marc:subfield code="0">(DE-588)4064460-1</marc:subfield>
      <marc:subfield code="0">https://d-nb.info/gnd/4064460-1</marc:subfield>
      <marc:subfield code="0">(DE-101)04064460X</marc:subfield>
      <marc:subfield code="D">s</marc:subfield>
      <marc:subfield code="a">Wallfahrt</marc:subfield>
   </marc:datafield>
   <marc:datafield ind1="1" ind2=" " tag="689">
      <marc:subfield code="5">DE-101</marc:subfield>
      <marc:subfield code="5">DE-101</marc:subfield>
   </marc:datafield>
   <marc:datafield ind1=" " ind2=" " tag="850">
      <marc:subfield code="a">DE-101a</marc:subfield>
      <marc:subfield code="a">DE-101b</marc:subfield>
   </marc:datafield>
   <marc:datafield ind1="r" ind2=" " tag="925">
      <marc:subfield code="a">ra</marc:subfield>
   </marc:datafield>
</marc:record>
